000
00311nam a22001337a 4500
008
171107b xxu||||| |||| 00| 0 eng d
020
_a
0256016488
041
_a
eng
080
_a
330.722.6
100
_a
62
101
_a
KON
245
_a
MANAMGEMENT ACCOUNTING TEXT AND CASES
_c
ANTHONY,R.N
942
_2
udc
_c
BK
999
_c
37985
_d
37985